00448nam a2200181Ia 4500003000400000005001700004008004100021020001800062040000700080041000800087082002200095100001700117245005000134250000700184260005000191300001200241365001300253OSt20230607122000.0210423s2012 xx 000 0 und d a9789350710548 cAL aeng a657.45 223bRAWD aRAWAT (D S). aTaxmann students guide to auditing standards. a17 aNew DelhibTaxmann Publications Pvt Ltdc2012 a471bPB b430cINR